000 00479nam a2200181Ia 4500
001 18169
005 20260306171611.0
008 260306s9999||||xx |||||||||||||| ||und||
041 _aESP
082 _a658.4012
_bP78 2012
100 _aPorter, Michael E.
_eAUT
245 0 _aVentaja competitiva:
_bcreación y sostenibilidad de un rendimiento superior
260 _c2013
300 _a589 páginas :
_c23 cm.
650 _aGEN
654 _aCAN
942 _cLIB
_dJUS
_fJUS
_2ddc
_n
999 _c18169
_d18169